000
00297nam a2200109Ia 4500
008
220204s9999 xx 000 0 und d
082
_a
065
_b
KLI
100
_a
Kliment, Stephen A
245
0
_a
Creative communications for successful design practice
260
_a
New York
_b
Watson
_c
1977
942
_c
BK
999
_c
30728
_d
30728